Những ca khúc thiếu nhi "Chào thế kỉ mới"
Tallennettuna:
| Yhteisötekijä: | |
|---|---|
| Aineistotyyppi: | Kirja |
| Kieli: | Vietnamese |
| Julkaistu: |
H.
Thanh niên
2000
|
| Aiheet: | |
| Tagit: |
Lisää tagi
Ei tageja, Lisää ensimmäinen tagi!
|
| Thư viện lưu trữ: | Mạng thư viện Đại học Đà Nẵng |
|---|
| LEADER | 00957nam a2200301 4500 | ||
|---|---|---|---|
| 001 | 000013973 | ||
| 003 | 10323 | ||
| 005 | 20120327140356.0 | ||
| 008 | 120327s2000 viesd | ||
| 020 | |c 16000đ | ||
| 041 | 0 | |a vie | |
| 082 | |a 782.7 |b CAK | ||
| 110 | |a Hội đồng trung ương đội TNTP Hồ Chí Minh | ||
| 245 | 0 | |a Những ca khúc thiếu nhi "Chào thế kỉ mới" | |
| 260 | |a H. |b Thanh niên |c 2000 | ||
| 300 | |a 112 tr. |c 19 cm | ||
| 653 | |a Ca khúc | ||
| 653 | |a Thiếu nhi | ||
| OWN | |a LSP | ||
| AVA | |a UDN50 |b LSP |d 782.7 CAK |e available |t Error 5001 Not defined in file expand_doc_bib_avail. |f 4 |g 0 |h N |i 0 |k 1 | ||
| 999 | |a From the UDN01 | ||
| AVA | |a UDN50 |b LSP |d 782.7 CAK |e available |t Error 5001 Not defined in file expand_doc_bib_avail. |f 4 |g 0 |h N |i 0 |k 1 | ||
| TYP | |a Monograph | ||
| TYP | |a Printed language | ||
| 980 | |a Mạng thư viện Đại học Đà Nẵng | ||